00534mam a22001451a 45000820013000001000020000132450047000332600053000803000025001335000022001585000012001805000124001925260037003166500035003530 a113bBRI1 aBrinton, Crane,14aThe shaping of modern mindcCrane Brinton. aEnglewood Cliffs, N.J. :bPrentice-Hall,cc1963. avi, 249 p. ;c21 cm. a"A Spectrum book" a"S-63." aOriginally published as The shaping of the modern mind, a reprint of the concluding half of the author's Ideas and men. a0b0c0d113_000000000000000_BRI 0aCivilization, ModernxHistory.